LEADER 01064cam0 22002653 450 001 SOB019798 005 20210705075759.0 100 $a20040211d1996 |||||ita|0103 ba 101 $aita 102 $aIT 200 1 $aEsse de maiori consilio$elegittimitą civile e legittimazione politica nella Repubblica di Venezia, secc. 13.-16.$fVictor Crescenzi 210 $aRoma$cnella sede dell'Istituto$d1996 215 $aXVIII, 460 p.$d26 cm 225 2 $aNuovi Studi Storici$fIstituto storico italiano per il Medio Evo$v34 410 1$1001LAEC00018293$12001 $a*Nuovi Studi Storici / Istituto storico italiano per il Medio Evo$v34 700 1$aCrescenzi$b, Victor$3AF00012549$4070$0172000 801 0$aIT$bUNISOB$c20210705$gRICA 850 $aUNISOB 852 $aUNISOB$j900|Coll|33a|K$m112384 912 $aSOB019798 940 $aM 102 Monografia moderna SBN 941 $aM 957 $a900|Coll|33a|K$b000025$gSI$d112384$rACQUISTO$1rovito$2UNISOB$3UNISOB$420210705075744.0$520210705075759.0$6rovito 996 $aEsse de Maiori Consilio$9649256 997 $aUNISOB LEADER 02455nam0 22004453i 450 001 PUV0141304 005 20231121125609.0 010 $a0853234361 100 $a20151016d1992 ||||0itac50 ba 101 | $aeng 102 $agb 181 1$6z01$ai $bxxxe 182 1$6z01$an 200 1 $a˜The œVariae of Magnus Aurelius Cassiodorus Senator$ethe right honourable and illustrious ex-quaestor of the palace, ex-ordinary consul, ex-master of the offices, praetorian prefect and patrician$ebeing documents of the kingdom of the Ostrogoths in Italy, chosen to illustrate the life of the author and the history of his family$ftranslated with notes and introduction by S. J. B. Barnish 210 $aLiverpool$cLiverpool university press$d1992 215 $aLIII, 202 p., °1! c.$cill.$d21 cm. 225 | $aTranslated texts for historians$v12 312 $aTIT. DEL DORSO E DELLA COP: Cassiodorus: Variae$9PUV0151878 312 $aTit. della cop.: Cassiodorus: selected Variae.$9UFI0480084 410 0$1001TO00069678$12001 $aTranslated texts for historians$v12 500 10$aVariae.$3BVE0147026$9RAVV009093$918137 517 1 $aCassiodorus: Variae$9PUV0151878 517 1 $aSelected Variae of Magnus Aurelius Cassiodorus Senator.$9UFI0480083 517 1 $aCassiodorus: selected Variae.$9UFI0480084 606 $aCassiodoro, Flavio Magno Aurelio . Variae$xTraduzioni inglesi$2FIR$3RMLC440104$9E 676 $a945.013$9Storia d'Italia, San Marino, Cittą del Vaticano, Malta. Periodo della dominazione gotica, 476-553.$v22 700 1$aCassiodorus$b, Flavius Magnus Aurelius$3RAVV009093$4070$0452596 702 1$aBarnish$b, Sam J. B.$3TO0V043907 790 1$aCassiodoro$b, Flavio Magno Aurelio$3CFIV195733$zCassiodorus, Flavius Magnus Aurelius 790 1$aCassiodorus$b, Flavius Magnus Aurelius$c $3CFIV197747$zCassiodorus, Flavius Magnus Aurelius 790 0$aCassiodoro$f $3CFIV198471$zCassiodorus, Flavius Magnus Aurelius 790 1$aCassiodoro$b, Magno Aurelio$3SBNV017524$zCassiodorus, Flavius Magnus Aurelius 801 3$aIT$bIT-01$c20151016 850 $aIT-FR0017 899 $aBiblioteca umanistica Giorgio Aprea$bFR0017 $eN 912 $aPUV0141304 950 0$aBiblioteca umanistica Giorgio Aprea$d 52S.SIJ. LL2 Cas.Var.Bar.$e 52FLS0000040205 VMB RS $fA $h20180119$i20180119 977 $a 52 996 $aVariae$918137 997 $aUNICAS